top 100 goalscorers for Liverpool FC - Statistics

General Stats
  • This quiz has been taken 173 times
  • The average score is 30 of 100
Answer Stats
Goals County Player % Correct
239 Egypt Mohamed Salah
99%
339 Wales Ian Rush
97%
120 Senegal Sadio Mané
95%
186 England Steven Gerrard
93%
82 Uruguay Luis Suárez
92%
111 Brazil Roberto Firmino
92%
172 Scotland Kenny Dalglish
87%
158 England Michael Owen
83%
81 Spain Fernando Torres
78%
183 England Robbie Fowler
78%
39 Uruguay Darwin Núñez
77%
33 England Jordan Henderson
76%
37 Colombia Luis Díaz
73%
26 Netherlands Virgil van Dijk
73%
64 Portugal Diogo Jota
71%
71 Netherlands Dirk Kuyt
70%
68 England Daniel Sturridge
67%
41 Belgium Divock Origi
66%
54 Brazil Philippe Coutinho
66%
39 Netherlands Cody Gakpo
61%
117 Scotland Ian St. John
61%
26 England James Milner
58%
27 Czech Republic Milan Baros
58%
31 Norway John Arne Riise
55%
42 England Peter Crouch
54%
107 England John Barnes
50%
100 England Kevin Keegan
47%
66 England Steve McManaman
46%
29 Israel Yossi Benayoun
46%
24 France Djibril Cissé
45%
60 England Emile Heskey
42%
35 Finland Sami Hyypiä
42%
30 Spain Luis García
39%
55 Scotland Graeme Souness
38%
24 Scotland Jimmy Smith
38%
285 England Roger Hunt
38%
47 England Tommy Smith
38%
42 England Jamie Redknapp
37%
35 Czech Republic Patrik Berger
34%
78 England David Johnson
32%
44 England Danny Murphy
25%
48 England Emlyn Hughes
25%
63 Ireland John Aldridge
25%
35 England Stan Collymore
25%
228 Scotland Billy Liddell
24%
67 England Ian Callaghan
21%
59 England Peter Beardsley
20%
30 Scotland Dave Wright
19%
53 England Peter Thompson
19%
59 England Phil Neal
18%
241 England Gordon Hodgson
17%
58 Denmark Jan Mølby
17%
76 Ireland Steve Heighway
17%
96 Wales John Toshack
16%
73 Ireland Ronnie Whelan
16%
81 England Terry McDermott
16%
39 Australia Craig Johnston
14%
55 England David Fairclough
14%
49 England Steve McMahon
14%
45 Scotland Steve Nicol
14%
71 England Ray Kennedy
13%
37 Ireland Ray Houghton
11%
32 England Alf Hanson
10%
25 Wales Dean Saunders
10%
31 England Alun Evans
8%
47 England John Evans
7%
46 England Jimmy Case
5%
42 Scotland John Wark
5%
35 England Paul Walsh
5%
59 England Chris Lawler
4%
57 England Alan A'Court
2%
76 England Albert Stubbins
2%
65 England Harry Chambers
2%
87 England Jack Balmer
2%
26 Scotland Peter Cormack
2%
27 Scotland Tom Miller
2%
43 Scotland Willie Fagan
2%
52 South Africa Berry Nieuwenhuys
1%
68 England Dick Forshaw
1%
33 England Geoff Strong
1%
46 England Jack Parkinson
1%
28 England Kevin Lewis
1%
30 England Phil Boersma
1%
34 England Sam Raybould
1%
36 Wales Tony Rowley
1%
29 England Alan Arnell
0%
24 England Alf Arrowsmith
0%
25 England Arthur Goddard
0%
41 Scotland Bobby Graham
0%
35 England Cyril Done
0%
26 England Dave Hickson
0%
42 England Dick Edmed
0%
26 England Fred Howe
0%
73 England Jimmy Melia
0%
38 England Jimmy Payne
0%
24 England Joe Hewitt
0%
31 England Kevin Baron
0%
38 England Louis Bimpson
0%
26 Scotland Tommy Reid
0%
28 England Tony Hateley
0%
No matching quizzes found
Score Distribution
Percent of People with Each Score
Percentile by Number Answered
Your Score History
You have not taken this quiz